Fichajes del FC Barcelona desde 2000/01 - Estadísticas

Estadísticas generales
  • Esta prueba ha sido intentada 1.916 veces
    277 desde el último reinicio
  • La puntuación promedio es 54 de 129
Estadísticas de respuestas
Procedencia Jugador % Correcto
Espanyol Joan García
92%
Sevilla* De Jong
88%
Leipzig Dani Olmo
87%
Santos Neymar
87%
Ajax De Jong
85%
Sevilla Koundé
82%
Manchester United* Rashford
82%
Villarreal Denis Suárez
81%
Manchester City Eric García
81%
Liverpool Luis Suárez
81%
Leeds Raphinha
80%
Athletic Club Iñigo Martínez
79%
Atlético de Madrid Griezmann
77%
Borussia Mönchengladbach ter Stegen
77%
Sevilla Dani Alves
76%
Manchester City Ferran Torres
76%
Bayern Lewandowski
73%
PSG Ronaldinho
73%
Borussia Dortmund Dembélé
71%
Las Palmas Pedri
71%
Guangzhou Evergrande Paulinho
70%
Manchester City* Cancelo
69%
Liverpool Coutinho
69%
Arsenal Henry
69%
Manchester United Piqué
69%
Valencia Villa
69%
Athletico Paranaense Vitor Roque
68%
Atlético de Madrid* João Félix
66%
Girona Oriol Romeu
65%
Arsenal Cesc Fàbregas
63%
Liverpool Mascherano
63%
Mallorca Eto'o
62%
Manchester City Gündogan
62%
Inter Ibrahimovic
61%
Sevilla Rakitic
61%
Lyon Umtiti
56%
Real Sociedad Bravo
55%
Sevilla Lenglet
55%
Juventus Pjanic
55%
Gremio Arthur
54%
Chelsea Christensen
53%
Udinese Alexis
52%
Sevilla Aleix Vidal
51%
Valencia André Gomes
51%
Bayern Arturo Vidal
51%
Lyon Depay
51%
Valencia Jordi Alba
51%
Wolverhampton* Adama Traoré
50%
Arsenal Aubameyang
49%
Leganés Braithwaite
48%
Boca Riquelme
47%
Lyon Abidal
46%
Sevilla Adriano
46%
Atlético de Madrid Arda Turan
46%
Milan Kessié
46%
Valencia Paco Alcácer
46%
Girona Pau Víctor
46%
Braga Trincao
46%
Oporto Deco
44%
Rapid Viena* Demir
44%
Celta* Pinto
43%
River Saviola
42%
Manchester City Agüero
39%
Benfica Semedo
39%
Ajax Dest
38%
Chelsea Marcos Alonso
38%
Valencia Mathieu
38%
Shakhtar Donetsk Chigrinskiy
36%
Sevilla Keita
36%
Girondins Malcom
36%
Juventus Szczesny
35%
Eibar Cucurella
34%
PSG Lucas Digne
34%
Mónaco Yaya Touré
34%
Mónaco Márquez
33%
Valencia Neto
33%
Arsenal Bellerín
32%
Ajax Jasper Cillessen
32%
Betis Junior Firpo
32%
Inter Maxwell
32%
Juventus Zambrotta
31%
Sassuolo* Boateng
30%
Zaragoza Milito
30%
Everton Deulofeu
29%
PSV Afellay
28%
Sao Paulo Douglas
28%
Toulouse Todibo
28%
Arsenal Vermaelen
28%
Palmeiras Yerry Mina
28%
Arsenal* Gio van Bronckhorst
27%
Arsenal Song
27%
Atlético Mineiro Emerson
25%
Mónaco Giuly
25%
Arsenal Overmars
25%
Valencia* Murillo
24%
Celtic Larsson
23%
Juventus Thuram
23%
Lazio* Mendieta
22%
Arsenal Petit
22%
PSV van Bommel
22%
Celta Sylvinho
21%
Juventus* Davids
20%
Lyon Edmílson
20%
Arsenal Hleb
18%
Palmeiras Matheus Fernandes
18%
Villarreal Belletti
17%
Cruzeiro* Sorín
16%
River Maxi López
15%
Betis Alfonso
14%
River Bonano
14%
Athletic Club Ezquerro
14%
Fenerbahce Rüstü
14%
Sporting de Lisboa Quaresma
13%
Milan* Coco
12%
Palmeiras Keirrison
12%
Atalanta Albertini
11%
Bayern Andersson
11%
Lazio* De la Peña
11%
Cruzeiro Geovanni
11%
Chelsea Gudjohnsen
11%
Mónaco Christanval
10%
Valencia Gerard
10%
Palmeiras Henrique
10%
Celta Dutruel
9%
Benfica Enke
9%
Villarreal Martín Cáceres
9%
Inter de Porto Alegre Rochemback
9%
Atlético de Madrid Luis García
7%
Valladolid* Mario
6%
No se encontraron pruebas coincidentes
Distribución de puntuación
Porcentaje de gente con cada puntuación
Porcentaje por número respondido
Historial de tus puntuaciones
No has intentado esta prueba desde el último reinicio